• 首页
  • 本馆介绍
  • 公告通知
  • 最新文献
  • 馆藏检索
  • 电子资源
  • 读者导购
  • 参考咨询
  • 我的图书馆
  • 登录
  • 详细信息显示
  • 放入我的书架
  • 预约/预借图书
  • 作者相关作品
  • 分类相关作品
  • 丛书相关作品
  • 出版社相关作品

书目信息

  • 表格格式
  • 工作单格式
  • 卡片格式
题名:
经济数量分析概论
    
 
作者: 乌家培 著
分册:  
出版信息: 北京   中国社会科学出版社  1983
页数: 103页
开本: 19cm
丛书名: 现代管理科学丛书
单 册:
中图分类: F224.0
科图分类:
主题词: 计量经济学--概论
电子资源:
ISBN:
000 00682nam2 2200253 45
001 0183003265
005 20060808111713.37
010    @dCNY0.36
091    @aCN@b4190.133
100    @a19950427d1983 ekmy0chiy0121 ea
101 0  @achi
102    @aCN@b110000
105    @ay z 000yy
200 10 @a经济数量分析概论@Ajing ji shu liang fen xi gai lun@f乌家培著
210    @a北京@c中国社会科学出版社@d1983
215    @a103页@d19cm
225 2  @a现代管理科学丛书
410  0 @120010@a现代管理科学丛书
606    @a计量经济学@x概论
690    @aF224.0@v3
701  0 @a乌家培@Awu jie pei@4著
801  2 @aCN@bNLC@c20060808
801  0 @aCN@bTSSF@c20060802
905    @dF224.0@e167
    
    经济数量分析概论/乌家培著.-北京:中国社会科学出版社,1983
    103页;19cm.-(现代管理科学丛书)
    
    
    ISBN :CNY0.36
    
●
相关链接 在E读中查询图书 在五车中查询图书 在当当中查询图书 在豆瓣中查询图书


正题名:经济数量分析概论     索取号:F224.0/167         预约/预借

序号 登录号 条形码 馆藏地/架位号 状态 备注
1 0424905   204249054   密集书库/ [索取号:F224.0/167] 在馆    
2 0424907   204249072   密集书库/ [索取号:F224.0/167] 在馆    
3 0441688   204416881   密集书库/ [索取号:F224.0/167] 在馆    
4 0447321   204473211   密集书库/ [索取号:F224.0/167] 在馆    
唐山师范学院图书馆 欢迎您!
大连网信软件有限公司© 版权所有